| 000 | 00000nam##2200000za#4500 |
| 001 | 9.675222 |
| 003 | CaOODSP |
| 005 | 20210624225146 |
| 007 | cr ||||||||||| |
| 008 | 150407|2007||||xxc|||||o f|0| 0 fre|d |
| 040 | |aCaOODSP|bfre |
| 041 | |aeng |
| 041 | |afre |
| 043 | |an-cn--- |
| 086 | 1 |aNH15-464/2007-PDF |
| 110 | 1 |aCanada.|bSociété canadienne d'hypothèques et de logement. |bCentre canadien de documentation sur l'habitation. |
| 245 | 13|aLe logement durable : |h[ressource électronique]|bune bibliographie sélective |
| 260 | |aOttawa - Ontario : |bSociété canadienne d'hypothèques et de logement. |cJuillet 2007. |
| 300 | |a138p. |
| 504 | |aBibliographie. |
| 590 | |a11-27-Supp|b2011-11-15 |
| 691 | 07|aConservation de l'énergie|2gcpds |
| 691 | 07|aDéveloppement durable|2gcpds |
| 691 | 07|aLogement|2gcpds |
| 691 | 07|aTechnologie verte|2gcpds |
| 791 | |tSustainable housing : |eeng|w(CaOODSP)9.675221 |
| 856 | 40|ahttp://publications.gc.ca|qPDF|s1.50 Mo|uhttps://publications.gc.ca/collections/collection_2011/schl-cmhc/NH15-464-2007.pdf |